[Event "HUN-chT2 Toth 0708"]
[Site "Hungary"]
[Date "2008.03.02"]
[Round "7"]
[White "Gombos, Janos"]
[Black "Komlodi, Ivett"]
[Result "1-0"]
[WhiteElo "2049"]
[BlackElo "1888"]
[PlyCount "47"]
[EventDate "2007.10.14"]
[EventType "team"]
[EventRounds "11"]
[EventCountry "HUN"]
[SourceTitle "EXT 2009"]
[Source "ChessBase"]
[SourceDate "2008.11.26"]
[SourceVersion "1"]
[SourceVersionDate "2008.11.26"]
[SourceQuality "1"]
[WhiteTeam "Gyula"]
[BlackTeam "Mezobereny"]
[WhiteTeamCountry "HUN"]
[BlackTeamCountry "HUN"]

1. e4 c5 2. Nf3 d6 3. d4 cxd4 4. Nxd4 Nf6 5. Nc3 g6 6. Be3 Bg7 7. f3 0-0 8. Qd2 Nc6 9. Bc4 Bd7 10. Bb3 Rc8 11. g4 a6 12. 0-0-0 Ne5 13. Bh6 b5 14. h4 Bxg4 15. Bxg7 Kxg7 16. fxg4 Nexg4 17. a3 Qb6 18. Nd5 Qb7 19. Qe2 h5 20. Rhg1 Kh7 21. Nf3 e6 22. Ng5+ Kh8 23. Nxf6 Nxf6 24. Rxd6 1-0

[Event "HUN-chT2 Toth 0708"]
[Site "Hungary"]
[Date "2008.02.17"]
[Round "6"]
[White "Fodor, Istvan"]
[Black "Komlodi, Ivett"]
[Result "1-0"]
[WhiteElo "2269"]
[BlackElo "1888"]
[PlyCount "41"]
[EventDate "2007.10.14"]
[EventType "team"]
[EventRounds "11"]
[EventCountry "HUN"]
[SourceTitle "EXT 2009"]
[Source "ChessBase"]
[SourceDate "2008.11.26"]
[SourceVersion "1"]
[SourceVersionDate "2008.11.26"]
[SourceQuality "1"]
[WhiteTeam "Karcag"]
[BlackTeam "Mezobereny"]
[WhiteTeamCountry "HUN"]
[BlackTeamCountry "HUN"]

1. d4 Nf6 2. c4 g6 3. Nc3 Bg7 4. e4 d6 5. f3 0-0 6. Be3 Nbd7 7. Qd2 c5 8. d5 Nb6 9. 0-0-0 e6 10. dxe6 Bxe6 11. Qxd6 Qxd6 12. Rxd6 Bxc4 13. Nge2 Nbd7 14. Nf4 Bxf1 15. Rxf1 c4 16. Rfd1 Ne5 17. Kc2 a6 18. Bd4 Ned7 19. Nfd5 Rfd8 20. Bxf6 Bf8 21. Rxd7 1-0

[Event "HUN-chT2 Toth 0708"]
[Site "Hungary"]
[Date "2007.12.09"]
[Round "4"]
[White "Komlodi, Ivett"]
[Black "Bene, Zoltan"]
[Result "0-1"]
[WhiteElo "1928"]
[BlackElo "2161"]
[PlyCount "64"]
[EventDate "2007.10.14"]
[EventType "team"]
[EventRounds "11"]
[EventCountry "HUN"]
[SourceTitle "EXT 2009"]
[Source "ChessBase"]
[SourceDate "2008.11.26"]
[SourceVersion "1"]
[SourceVersionDate "2008.11.26"]
[SourceQuality "1"]
[WhiteTeam "Mezobereny"]
[BlackTeam "Vasarhelyi"]
[WhiteTeamCountry "HUN"]
[BlackTeamCountry "HUN"]

1. e4 c5 2. Nf3 d6 3. d4 cxd4 4. Nxd4 Nf6 5. Nc3 g6 6. f3 Bd7 7. Bc4 Nc6 8. Be3 Bg7 9. Qd2 a6 10. Nxc6 Bxc6 11. Bh6 0-0 12. Bxg7 Kxg7 13. g4 h5 14. gxh5 Nxh5 15. Rg1 Qc7 16. Qg5 Rh8 17. Bxf7 Kxf7 18. Qxg6+ Kf8 19. Rg5 Be8 20. Rf5+ Nf6 21. Qg2 Rg8 22. Rg5 Rxg5 23. Qxg5 Qc5 24. Qxc5 dxc5 25. Rd1 e6 26. e5 Nh5 27. Ne4 Rc8 28. Ng5 Ke7 29. Rd2 Bc6 30. Kf2 Bd5 31. a3 Rf8 32. Rd1 Rf5 0-1